History Quiz

Random History or Author Quiz

Famous Historical 'E' First Names Quiz Stats

Quiz Updated Nov 22, 2014

Challenge
Share
Tweet
Embed
Score 0/30 Timer 05:00
1 Play Today
% Correct
Elvis
94.7%
Edgar
94.1%
Ernest
93.6%
Eleanor
92.8%
Ella
91.1%
Eva
88.3%
Emma
88.2%
Emily
87.7%
Errol
84.2%
Edmund
81.6%
Eric
77.3%
Édith
73%
Ernesto
66.8%
Eugene
63.4%
Enrico
61.9%
% Correct
Enzo
60.5%
Edvard
59.7%
Elie
58.4%
Edward
57.5%
Erich
55.9%
Erwin
54%
Édouard
53.8%
Eldridge
52.3%
Eero
49.3%
Elizabeth
48.3%
Edwin
47.7%
Ennio
45.9%
Emiliano
45.2%
Emmeline
43.6%
Emil
41.2%

You're not logged in!

Compare scores with friends on all Sporcle quizzes.
Join for Free
OR
Log In

You Might Also Like...

Show Comments

Extras

Top Quizzes Today


Score Distribution

Your Account Isn't Verified!

In order to create a playlist on Sporcle, you need to verify the email address you used during registration. Go to your Sporcle Settings to finish the process.

Report this User

Report this user for behavior that violates our Community Guidelines.

Details: